Vlajky - Statistics

General Stats
  • This quiz has been taken 94 times
  • The average score is 86 of 254
Answer Stats
Picture Answer % Correct
Spojené státy americké
100%
Francie
93%
Itálie
93%
Kanada
93%
Rusko
93%
Spojené království
93%
Austrálie
91%
Japonsko
91%
Brazílie
89%
Finsko
89%
Jižní Korea
89%
Řecko
89%
Švédsko
89%
Švýcarsko
89%
Dánsko
88%
Kypr
88%
Norsko
88%
Irsko
86%
Nizozemsko
86%
Turecko
86%
Albánie
84%
Belgie
84%
Čína
84%
Nový Zéland
84%
Izrael
82%
Německo
82%
Island
81%
Mexiko
81%
Polsko
81%
Španělsko
81%
Česko
79%
Gruzie
79%
Indie
79%
Maďarsko
79%
Nepál
79%
Jamajka
77%
Argentina
75%
Jihoafrická republika
75%
Rakousko
75%
Bulharsko
74%
Slovensko
74%
Chorvatsko
72%
Vatikán
72%
Vietnam
72%
Saúdská Arábie
68%
Keňa
67%
Tunisko
67%
Kosovo
65%
Egypt
63%
Estonsko
63%
Libanon
63%
Malta
63%
Slovinsko
63%
Kazachstán
61%
Portugalsko
61%
Pákistán
60%
Bangladéš
58%
Kuba
58%
Rumunsko
58%
San Marino
58%
Chile
56%
Filipíny
54%
Indonésie
54%
Severní Makedonie
54%
Srbsko
54%
Bhútán
53%
Severní Korea
53%
Bělorusko
51%
Dominikánská republika
51%
Irák
51%
Uruguay
51%
Alžírsko
49%
Barbados
49%
Pobřeží slonoviny
49%
Venezuela
49%
Monako
47%
Bosna a Hercegovina
46%
Írán
46%
Lucembursko
46%
Malajsie
46%
Panama
46%
Ukrajina
46%
Madagaskar
44%
Peru
44%
Singapur
44%
Uzbekistán
44%
Thajsko
42%
Ázerbajdžán
40%
Kamerun
39%
Litva
39%
Seychely
39%
Katar
35%
Lichtenštejnsko
35%
Lotyšsko
35%
Nigérie
35%
Spojené Arabské Emiráty
35%
Kambodža
33%
Maroko
33%
Šri Lanka
33%
Kolumbie
32%
Myanmar
32%
Niger
32%
Somálsko
32%
Andorra
30%
Arménie
30%
Demokratická republika Kongo
30%
Maledivy
30%
Omán
30%
Palau
30%
Papua Nová Guinea
30%
Svazijsko
30%
Turkmenistan
30%
Angola
28%
Bahamy
28%
Černá Hora
28%
Ekvádor
28%
Jemen
28%
Tanzanie
28%
Bahrajn
26%
Gabon
26%
Ghana
26%
Komory
26%
Laos
26%
Mauritánie
26%
Paraguay
26%
Afghánistán
25%
Botswana
25%
Dominika
25%
Etiopie
25%
Haiti
25%
Honduras
25%
Jordánsko
25%
Kuvajt
25%
Libye
25%
Malawi
25%
Moldavsko
25%
Mongolsko
25%
Burkina Faso
23%
Čad
23%
Kiribati
23%
Libérie
23%
Senegal
23%
Zimbabwe
23%
Brunej
21%
Kostarika
21%
Kyrgyzstán
21%
Mikronésie
21%
Tonga
21%
Uganda
21%
Eritrea
19%
Jižní Súdán
19%
Kapverdy
19%
Mali
19%
Sýrie
19%
Taiwan
19%
Trinidad a Tobago
19%
Antigua a Barbuda
18%
Belize
18%
Burundi
18%
Džibutsko
18%
Grenada
18%
Guyana
18%
Marshallovy ostrovy
18%
Mosambik
18%
Namibie
18%
Rwanda
18%
Surinam
18%
Východní Timor
18%
Benin
16%
Kongo
16%
Nauru
16%
Nikaragua
16%
Rovníková Guinea
16%
Súdán
16%
Tádžikistán
16%
Togo
16%
Vanuatu
16%
Guinea-Bissau
14%
Mauricius
14%
Samoa
14%
Svatá Lucie
14%
Bolívie
12%
El Salvador
12%
Faerské ostrovy
12%
Fidži
12%
Lesotho
12%
Sierra Leone
12%
Svatý Kryštof a Nevis
12%
Svatý Tomáš a Princův ostrov
12%
Zambie
12%
Guatemala
11%
Guinea
11%
Šalamounovy ostrovy
11%
Grónsko
9%
Hongkong
9%
Portoriko
9%
Gibraltar
7%
Palestina
7%
Svatý Vincenc a Grenadiny
7%
Tuvalu
7%
Aruba
5%
Ostrov Man
5%
Středoafrická republika
5%
Abcházie
4%
Alandy
4%
Americká Samoa
4%
Americké Panenské ostrovy
4%
Gambie
4%
Jižní Osetie
4%
Norfolk
4%
Nová Kaledonie
4%
Podněstří
4%
Severní Kypr
4%
Somaliland
4%
Anguilla
2%
Bermudy
2%
Bonaire
2%
Bouvetův ostrov
2%
Britské indickooceánské území
2%
Britské Panenské ostrovy
2%
Cookovy ostrovy
2%
Curaçao
2%
Falklandy
2%
Francouzská Guyana
2%
Francouzská jižní a antarktická území
2%
Francouzská Polynésie
2%
Guadeloupe
2%
Guam
2%
Guernsey
2%
Heardův ostrov a McDonaldovy ostrovy
2%
Jersey
2%
Jižní Georgie a Jižní Sandwichovy ostrovy
2%
Kajmanské ostrovy
2%
Kokosové ostrovy
2%
Martinik
2%
Mayotte
2%
Montserrat
2%
Niue
2%
Pitcairnovy ostrovy
2%
Réunion
2%
Saba
2%
Severní Mariany
2%
Špicberky a Jan Mayen
2%
Svatá Helena, Ascension a Tristan da Cunha
2%
Svatý Bartoloměj
2%
Svatý Eustach
2%
Svatý Martin
2%
Svatý Martin
2%
Tokelau
2%
Turks a Caicos
2%
Vánoční ostrov
2%
Velikonoční ostrov
2%
Wallis a Futuna
2%
Západní Sahara
2%
No matching quizzes found
Score Distribution
Percent of People with Each Score
Percentile by Number Answered
Your Score History
You have not taken this quiz